Tenisistki z największą sumą pieniedzy zarobioną na kortach. - Statystyki

Ogólne statystyki
  • Ten quiz został rozwiązany 79 razy
  • Średni wynik to 9 z 15
Statystyki odpowiedzi
Suma zarobków w mln $ Zawodniczka % Poprawnych
94.816 Williams Serena
96%
42.648 Williams Venus
96%
33.141 Świątek Iga
94%
30.106 Sabalenka Aryna
91%
38.777 Sharapova Maria
72%
27.683 Radwańska Agnieszka
62%
36.441 Wozniacki Caroline
62%
40.232 Halep Simona
61%
38.063 Azarenka Victoria
57%
32.519 Kerber Angelique
55%
37.253 Kvitova Petra
49%
24.813 Muguruza Garbine
36%
24.749 Hingis Martina
33%
26.111 Pliskova Karolina
30%
25.816 Kuznetsova Svetlana
16%
Nie znaleziono quizów pasujących do podanych kryteriów
Rozkład punktacji
Procent ludzi z każdym wynikiem
Percentyl według liczby udzielonych odpowiedzi
Twoja historia wyników
Nie rozwiązałeś tego quizu